|
|
|
|
| LEADER |
00723cam a2200205 7i4500 |
| 001 |
0000015018 |
| 005 |
20191009090000.0 |
| 008 |
070604 eng |
| 020 |
|
|
|a 1402028199 (hbk.)
|
| 090 |
0 |
0 |
|a TA690
|b .H258 2006
|
| 245 |
0 |
0 |
|a Handbook of petroleum processing
|c edited by David S. J. Jones and Peter R. Pujado.
|
| 260 |
|
|
|a New York:
|b Springer,
|c 2006.
|
| 300 |
|
|
|a xiv, 1353 p.:
|b ill.;
|c 24 cm.
|
| 500 |
|
|
|a Includes index
|
| 650 |
0 |
0 |
|a Petroleum chemicals
|
| 650 |
0 |
0 |
|a Petroleum --
|x Refining
|
| 700 |
1 |
|
|a Jones, David S. J.
|
| 700 |
1 |
|
|a Pujado, Peter R.
|
| 997 |
|
|
|a Engineering & Life Sciences, Faculty
|b Engineering, Department
|
| 999 |
|
|
|a 0000018607
|b BOK
|c REFERENCE
|e Ground Floor, Bestari Jaya
|